[Event "Open"]
[Site "Prague CZE"]
[Date "2010.01.14"]
[Round "8"]
[White "Golubka,P"]
[Black "Schmidt Schaeffer,S"]
[Result "1/2-1/2"]
[WhiteElo "2336"]
[BlackElo "2393"]

1.e4 d6 2.d4 Nf6 3.Nc3 Nbd7 4.Nf3 e5 5.Bc4 Be7 6.O-O O-O 7.Re1 c6 8.a4 b6
9.Ba2 a6 10.Nh4 exd4 11.Qxd4 Nc5 12.Nf3 Be6 13.e5 Bxa2 14.Rxa2 dxe5 15.Qxd8 Rfxd8
16.Nxe5 Rac8 17.Be3 Nd5 18.Nxd5 Rxd5 19.Nc4 Rb8 20.g3 g5 21.Raa1 Bf6 22.a5 bxa5
23.Rxa5 Rb4 24.b3 Rb5 25.Ra2 Bc3 26.Re2 a5 27.Bxc5 Rbxc5 28.Kg2 Kg7 29.Ra4 Kg6
30.Nb6 Rd2 31.Rxd2 Bxd2 32.Rc4 Rxc4 33.Nxc4 Bc3 34.g4 h5 35.h3 hxg4 36.hxg4 f5
37.f3 Kf7 38.Nd6+ Ke6 39.Nxf5 c5 40.Ne3 Ke5 41.Kf1 Kd4 42.Nf5+ Ke5 43.Ne3 Kd4
44.Ke2 Bb4 45.Nc4 a4 46.f4 a3 47.Nxa3 Bxa3 48.fxg5 Bc1 49.g6 Bh6 50.g5 Bg7
51.Kd2 Ke4 52.c3 Be5 53.Kc2 Bh8 54.Kd2 Bg7 55.Kc2 Be5 56.Kd2 Bg7 57.Kc2 Be5  1/2-1/2

[Event "XXXV Open"]
[Site "Seville ESP"]
[Date "2010.01.14"]
[Round "7"]
[White "Cabrera Trujillo,J"]
[Black "Torres Ventosa,P"]
[Result "1/2-1/2"]
[WhiteElo "2384"]
[BlackElo "2148"]

1.e4 d6 2.d4 Nf6 3.Nc3 e5 4.Nf3 Nbd7 5.Bc4 Be7 6.O-O O-O 7.Re1 c6 8.a4 b6
9.Ba2 a6 10.Bg5 Rb8 11.Qd3 b5 12.axb5 axb5 13.Ne2 c5 14.dxe5 Nxe5 15.Nxe5 dxe5
16.Qxd8 Rxd8 17.Nc3 Bb7 18.Bxf6 Bxf6 19.Nd5 Rd6 20.Red1 Kf8 21.Nxf6 Rxf6
22.Bd5 Ra6 23.Bxb7 Rxa1 24.Rxa1 Rxb7 25.Kf1 Ke7 26.Ke2 g6 27.g4 g5 28.Ra6 f6
29.Rc6 c4 30.Kd2 Rd7+ 31.Ke2 Rb7 32.h3 h6 33.f3 Kf7 34.Kd2 Rd7+ 35.Ke2 Rb7
36.Rd6 Ke7 37.Rd5 Rb6 38.Rc5 Kd6  1/2-1/2

[Event "IMB1"]
[Site "Marianske Lazne CZE"]
[Date "2010.01.16"]
[Round "1"]
[White "Wieczorek,O"]
[Black "Cherednichenko,S"]
[Result "1/2-1/2"]
[WhiteElo "2310"]
[BlackElo "2349"]

1.e4 d6 2.d4 Nf6 3.Nc3 e5 4.Nf3 exd4 5.Nxd4 Be7 6.Be2 O-O 7.O-O Re8 8.f4 Bf8
9.Bf3 c5 10.Nb3 Nc6 11.Re1 c4 12.Nd4 d5 13.Nxc6 bxc6 14.e5 Nd7 15.Be3 Bb4
16.Bf2 Nf8 17.a3 Ba5 18.Re2 Ng6 19.g3 Be6 20.Na4 Qc8 21.b4 Bc7 22.Re1 a5
23.c3 Bh3 24.Nc5 Qf5 25.Bh1 Bb6 26.Qb1 Qc8 27.Qc2 h5 28.Ne4 Bxf2+ 29.Nxf2 Be6
30.Qd2 h4 31.Qd4 Ne7 32.Qd2 hxg3 33.hxg3 g6 34.Bf3 Nf5 35.Kg2 Kg7 36.Rh1 axb4
37.axb4 Rxa1 38.Rxa1 Rh8 39.Rh1 Rxh1 40.Nxh1 Qa8 41.Nf2 Qa7 42.Ng4 Ne7 43.Ne3 Qa8
44.Qd1 Qa2+ 45.Qc2 Qa8 46.Qd1 Qh8 47.g4 Qh4 48.Qd4 Qh8 49.Qd1 Qa8 50.Qc2 Qa7
51.Qd2 Qa1 52.f5 gxf5 53.Nxf5+ Nxf5 54.Qg5+ Kf8 55.gxf5 Qb2+ 56.Kg3 Bxf5
57.Qxf5 Qxc3 58.Qc8+ Kg7 59.Qg4+ Kf8 60.Qc8+ Kg7 61.Qg4+ Kf8 62.Qg5 Qxb4
63.Qd8+ Kg7 64.Qg5+ Kf8 65.Qd8+ Kg7 66.Qf6+ Kg8 67.Qxc6 Qe1+ 68.Kf4 Qd2+
69.Kf5 Qd3+ 70.Kg4 Qd4+ 71.Kf5  1/2-1/2

[Event "XXXV Open"]
[Site "Seville ESP"]
[Date "2010.01.16"]
[Round "9"]
[White "Diogo,V"]
[Black "Torres Ventosa,P"]
[Result "1/2-1/2"]
[WhiteElo "2303"]
[BlackElo "2148"]

1.e4 d6 2.d4 Nf6 3.Nc3 e5 4.dxe5 dxe5 5.Qxd8+ Kxd8 6.Bc4 Bb4 7.f3 Bxc3+ 8.bxc3 Be6
9.Bxe6 fxe6 10.Ba3 Nc6 11.Rd1+ Ke8 12.Nh3 Na5 13.Ke2 b6 14.Rd3 Nc4  1/2-1/2

[Event "Open C"]
[Site "Marianske Lazne CZE"]
[Date "2010.01.17"]
[Round "2"]
[White "Ammerlaan,R"]
[Black "Frank Nielsen,M"]
[Result "1/2-1/2"]
[WhiteElo "2200"]
[BlackElo "1993"]

1.e4 d6 2.d4 Nf6 3.Nc3 c6 4.Be2 Qa5 5.Bd2 Qb6 6.e5 Nd5 7.exd6 Qxd4 8.dxe7 Bxe7
9.Nxd5 Qxd5 10.Nf3 Bf6 11.c3 O-O 12.O-O Bg4 13.h3 Be6 14.Be3 Nd7 15.Nd4 Ne5
16.Nxe6 Qxe6 17.Qb3 Qxb3 18.axb3 a6 19.Rad1 Rad8 20.Bb6 Rxd1 21.Rxd1 Re8
22.Kf1 g5 23.g3 Kg7 24.Be3 h6 25.b4 Rd8 26.Bd4 Re8 27.Be3 Rd8 28.Rxd8 Bxd8
29.f4 gxf4 30.gxf4 Ng6 31.Bg4 Ne7 32.Kf2 f5 33.Be2 Nd5 34.Bd2 Be7 35.Bh5 Nf6
36.Bf3  1/2-1/2

[Event "46th ch-CUB"]
[Site "Ciego de Avila CUB"]
[Date "2010.01.18"]
[Round "6"]
[White "Quesada Perez,Ya"]
[Black "Bruzon Batista,L"]
[Result "1/2-1/2"]
[WhiteElo "2423"]
[BlackElo "2619"]

1.e4 d6 2.d4 Nf6 3.Nc3 e5 4.dxe5 dxe5 5.Qxd8+ Kxd8 6.Bc4 Ke8 7.f3 c6 8.Be3 a5
9.a4 Na6 10.Nge2 Bc5 11.Bxc5 Nxc5 12.Nc1 Ke7 13.Nd3 Nxd3+ 14.Bxd3 Be6 15.O-O-O g5
16.g3 Rhg8 17.Ne2 Nd7 18.h4 g4 19.f4 f6 20.f5 Bf7 21.Nc3 Nc5 22.Be2 Rad8
23.Rxd8 Rxd8 24.Rd1 Rxd1+ 25.Kxd1 h5 26.Kd2 Kd6 27.b3 Nd7 28.Nd1 Kc5 29.Kc3 b5
30.Nb2 Kb6 31.Nd3 Be8 32.axb5 cxb5 33.b4 a4 34.Kb2 Bf7 35.Ka3 Kc6 36.Nb2 Nb6
37.Bf1 Bg8 38.Be2  1/2-1/2

[Event "8th Parsvnath Open"]
[Site "New Delhi IND"]
[Date "2010.01.19"]
[Round "8"]
[White "Thejkumar,M"]
[Black "Koshy,V"]
[Result "1/2-1/2"]
[WhiteElo "2435"]
[BlackElo "2281"]

1.d4 d6 2.e4 Nf6 3.Nc3 e5 4.Nf3 Nbd7 5.Bc4 Be7 6.O-O O-O 7.Re1 c6 8.a4 b6
9.h3 a6 10.Ba2 Rb8 11.b4 b5 12.axb5 axb5 13.Qd3 Bb7 14.Bd2 exd4 15.Nxd4 Ne5
16.Qg3 Nh5 17.Qe3 g6 18.Qe2 Bg5 19.Rad1 Qf6 20.Nf5 Rbd8 21.Bxg5 Qxg5 22.Qe3 Nf4
23.Ng3 Bc8 24.Nce2 Nxe2+ 25.Rxe2 Qxe3 26.Rxe3 Be6 27.Ra3 Bxa2 28.Rxa2 Nc4
29.Ne2 Rfe8 30.f3 d5 31.Nc3 dxe4 32.Rxd8 Rxd8 33.Nxe4 f5 34.Ng5 h6 35.Ne6 Rd6
36.Nf4 g5 37.Nd3 Ne3 38.Kf2 Nxc2 39.Rxc2 Rxd3 40.Rxc6 Rb3 41.Rxh6 Kg7 42.Rb6 Rxb4
43.Kg3 Kf7  1/2-1/2

[Event "Corus C"]
[Site "Wijk aan Zee NED"]
[Date "2010.01.19"]
[Round "4"]
[White "Van Kampen,R"]
[Black "Plukkel,S"]
[Result "1-0"]
[WhiteElo "2456"]
[BlackElo "2279"]

1.e4 d6 2.d4 Nf6 3.Nc3 Nbd7 4.Nf3 e5 5.g4 Nxg4 6.Rg1 Ngf6 7.Be3 c6 8.Qd2 Qc7
9.O-O-O b5 10.dxe5 Nxe5 11.Nxe5 dxe5 12.Bxb5 Be6 13.Ba4 Bb4 14.Rxg7 Nxe4
15.Qd3 Nxc3 16.bxc3 Bf8 17.Rxh7 Rxh7 18.Qxh7 Bxa2 19.Qh8 Rb8 20.Bxc6+ Ke7
21.Bg5+ Ke6 22.Qf6+  1-0

[Event "8th Parsvnath Open"]
[Site "New Delhi IND"]
[Date "2010.01.21"]
[Round "10"]
[White "Deepan,C"]
[Black "Girinath,P"]
[Result "1/2-1/2"]
[WhiteElo "2492"]
[BlackElo "2370"]

1.e4 d6 2.d4 Nf6 3.Nc3 e5 4.Nge2 Be7 5.g3 O-O 6.Bg2 Re8 7.O-O Bf8 8.h3 a6
9.Be3 Nbd7 10.g4 b5 11.Ng3 Nb6 12.b3 b4 13.Nce2 Bb7 14.d5 c6 15.g5 Nfd7 16.dxc6 Bxc6
17.Qd2 a5 18.c3 Bb5 19.Rfc1 Rb8 20.a4 Bxe2 21.Nxe2 Nc5 22.Rab1 Nbd7 23.Qc2 Be7
24.h4 f6 25.cxb4 axb4 26.Qd2 fxg5 27.hxg5 Ne6 28.g6 hxg6 29.f4 Nf6 30.f5 Nf8
31.Ng3 d5 32.exd5 Bd6 33.fxg6 Qd7 34.Ne4 Nxg6 35.Nxd6 Qxd6 36.Rc6 Qd7 37.Bg5 Nf4
38.Bxf4 exf4 39.Qxf4 Qa7+ 40.Qf2 Qf7 41.Rd1 Re5 42.d6 Qxb3 43.Qd4 Qg3 44.d7 Nxd7
45.Qc4+ Kh8 46.Rc8+ Rxc8 47.Qxc8+ Kh7 48.Qxd7 Qe3+ 49.Kf1 Qf4+ 50.Kg1  1/2-1/2

[Event "8th Parsvnath Open"]
[Site "New Delhi IND"]
[Date "2010.01.21"]
[Round "10"]
[White "Lokesh,P"]
[Black "Koshy,V"]
[Result "0-1"]
[WhiteElo "2120"]
[BlackElo "2281"]

1.e4 d6 2.d4 Nf6 3.Nc3 e5 4.f4 exd4 5.Qxd4 Nc6 6.Bb5 Bd7 7.Bxc6 Bxc6 8.Nd5 Be7
9.c4 O-O 10.Nf3 Re8 11.O-O Bf8 12.Re1 Bxd5 13.cxd5 c6 14.dxc6 bxc6 15.Bd2 Qb6
16.Qxb6 axb6 17.e5 Nd5 18.a3 dxe5 19.Nxe5 Rac8 20.Rac1 f6 21.Nd3 c5 22.Rxe8 Rxe8
23.Kf2 Re4 24.b3 Bd6 25.g3 f5 26.a4 Nf6 27.h3 Re8 28.Kf3 Ne4 29.Rc2 Kf7 30.g4 fxg4+
31.hxg4 Nxd2+ 32.Rxd2 Re6 33.Nb2 Ke8 34.Nc4 Bc7 35.Ne3 Rh6 36.Nd5 Bd8 37.Kg3 Rh1
38.Rd3 Rc1 39.Rc3 Rd1 40.Ne3 Rd7 41.Nc4 Bc7 42.Kf3 Rd1 43.f5 Rf1+ 44.Kg2 Rf4
45.Kh3 Rf2 46.Kh4 g6 47.fxg6 hxg6 48.Re3+ Kf7 49.Ne5+ Kg7 50.Nf3 Bf4 51.Rd3 Kh6
52.g5+ Bxg5+ 53.Nxg5 Rf4+ 54.Kg3 Kxg5 55.Rd5+ Rf5 56.Rd6 Rf6 57.Rd5+ Kh6
58.Kg4 Rc6 59.Kg3 Kg7 60.Rd2 Kf6 61.Re2 Re6 62.Rf2+ Kg5 63.Rf3 Re4 64.Rc3 Re5
65.Rd3 Kf5 66.Rf3+ Ke6 67.Rd3 Re4 68.Kf3 Rb4 69.Re3+ Kd5 70.Rd3+ Rd4 71.Rc3 g5
72.Re3 Rb4 73.Rd3+ Kc6 74.Rc3 Kb7 75.a5 Ka6 76.axb6 Kxb6 77.Kg3 Kb5 78.Kf3 Rd4
79.Kg3 Kb4 80.Re3 Rd2 81.Kg4 Rb2 82.Kxg5 Rxb3 83.Re2 Rf3 84.Kg4 Rf8 85.Re7 c4
86.Rb7+ Kc3 87.Rc7 Kb3 88.Rb7+ Kc2  0-1

[Event "Open C"]
[Site "Marianske Lazne CZE"]
[Date "2010.01.23"]
[Round "9"]
[White "Barburzynska,M"]
[Black "Christensen,He1"]
[Result "0-1"]
[WhiteElo "1945"]
[BlackElo "2064"]

1.e4 c6 2.d4 d6 3.Nc3 Nf6 4.Be2 Qc7 5.Be3 e5 6.dxe5 dxe5 7.f3 Be6 8.Qd2 Bb4
9.a3 Qa5 10.Rd1 Bxc3 11.Qxc3 Qxc3+ 12.bxc3 O-O 13.Bc5 Re8 14.Nh3 Bxh3 15.gxh3 Nbd7
16.Be3 Nf8 17.Kf2 Ne6 18.Rd6 Red8 19.Rhd1 Rxd6 20.Rxd6 Kf8 21.Bc4 Ke7 22.Rd1 Ne8
23.a4 Nd6 24.Bf1 Rd8 25.a5 Nxe4+ 26.Ke1 Rxd1+ 27.Kxd1 Nxc3+ 28.Kd2 Nb5 29.Bxb5 cxb5
30.Bxa7 Kd6 31.Ke3 Nf4 32.Ke4 Ke6 33.h4 f5+ 34.Ke3 Ng2+ 35.Ke2 Nxh4 36.Bf2 Ng6
37.Kd3 Kd5  0-1

[Event "ch-BUL S/F Men"]
[Site "Plovdiv BUL"]
[Date "2010.01.25"]
[Round "2"]
[White "Badev,K"]
[Black "Janev,E"]
[Result "1/2-1/2"]
[WhiteElo "2369"]
[BlackElo "2461"]

1.e4 d6 2.d4 Nf6 3.Nc3 e5 4.Nf3 Nbd7 5.Bc4 Be7 6.O-O O-O 7.Re1 exd4 8.Qxd4 Nb6
9.Bf1 Bg4 10.Qd3 Nfd7 11.a4 Nc5 12.Qe3 a5 13.h3 Bd7 14.b3 Re8 15.Ba3 Bf8
16.Rad1 Nxe4 17.Nxe4 f5 18.Qf4 fxe4 19.Ng5 Re5 20.Nf7 g5 21.Nxd8 gxf4 22.Nxb7 Bc6
23.Nxd6 cxd6 24.Bxd6 Bxd6 25.Rxd6 Rc8 26.Bb5 Bxb5 27.axb5 Rxb5 28.Rxe4 Rf8
29.g3 fxg3 30.fxg3 Rbf5 31.g4 Nc8 32.Rd2 Rc5 33.Kg2 Rf7 34.c4 Rb7 35.Rd3 Ne7
36.Kg3 Nc6 37.Re8+ Kg7 38.Rc8 Ne5 39.Rxc5 Nxd3 40.Rxa5 Rxb3 41.Ra7+ Kg8 42.Ra8+ Kf7
43.Ra7+ Kg6  1/2-1/2

[Event "8th Gibtelecom Masters"]
[Site "Caleta ENG"]
[Date "2010.01.26"]
[Round "1"]
[White "Carlsson,P"]
[Black "Kandic,Mila"]
[Result "1-0"]
[WhiteElo "2476"]
[BlackElo "2216"]

1.e4 d6 2.d4 Nf6 3.Nc3 e5 4.Nf3 Nbd7 5.g4 Nxg4 6.Rg1 exd4 7.Nxd4 Nde5 8.h3 Nxf2
9.Kxf2 Qh4+ 10.Rg3 Be7 11.Nd5 Bd8 12.Bg2 h6 13.Nf3 Qh5 14.Nf4  1-0

[Event "2nd Chennai Open"]
[Site "Chennai IND"]
[Date "2010.01.26"]
[Round "2"]
[White "Konguvel,P"]
[Black "Srikanth,A"]
[Result "1/2-1/2"]
[WhiteElo "2420"]
[BlackElo "2148"]

1.e4 d6 2.d4 Nf6 3.Nc3 e5 4.Nf3 Nbd7 5.g4 h6 6.g5 hxg5 7.Bxg5 c6 8.Qd2 Be7
9.O-O-O Qc7 10.Rg1 b5 11.dxe5 dxe5 12.Bxf6 Nxf6 13.Rxg7 Bg4 14.Be2 Bf8 15.Nxb5 cxb5
16.Rxg4 Nxg4 17.Ng5 Bh6 18.Bxg4 Rd8 19.Qe3 Rxd1+ 20.Bxd1 Qe7 21.h4 f6 22.f4 exf4
23.Qc3 f3 24.Qc8+ Qd8 25.Qe6+ Qe7 26.Qc8+ Qd8  1/2-1/2

[Event "2nd Chennai Open"]
[Site "Chennai IND"]
[Date "2010.01.26"]
[Round "3"]
[White "Dzhumaev,M"]
[Black "Ramnathan,B"]
[Result "1-0"]
[WhiteElo "2515"]
[BlackElo "2272"]

1.e4 d6 2.d4 Nf6 3.Nc3 Nbd7 4.Nf3 e5 5.Bc4 Be7 6.O-O O-O 7.Re1 c6 8.a4 Qc7
9.b3 h6 10.Bb2 Re8 11.dxe5 dxe5 12.Nh4 Nb6 13.Bd3 Bg4 14.Nf3 Bb4 15.h3 Be6
16.Nh4 Nbd7 17.Qf3 Qa5 18.Bf1 g5 19.Nf5 Bxf5 20.exf5 Nd5 21.Nxd5 Bxe1 22.Ne3 Bb4
23.Qh5 Bf8 24.Bc4 Re7 25.f6 Nxf6 26.Qg6+  1-0

[Event "8th Gibtelecom Masters"]
[Site "Caleta ENG"]
[Date "2010.01.27"]
[Round "2"]
[White "Aerni,A"]
[Black "Felgaer,R"]
[Result "0-1"]
[WhiteElo "2137"]
[BlackElo "2573"]

1.d4 d6 2.e4 Nf6 3.Nc3 c6 4.f4 Qa5 5.Bd3 e5 6.Nf3 exd4 7.Nxd4 g6 8.Be3 Bg7
9.Qd2 O-O 10.h3 Re8 11.O-O-O b5 12.Nb3 Qc7 13.Rhe1 Nbd7 14.Bg1 Bb7 15.Bxb5 cxb5
16.Nxb5 Qb8 17.Nxd6 Nxe4 18.Nxe4 Rxe4 19.Qxd7 Qxf4+ 20.Kb1 Rxe1 21.Rxe1 Be4
22.Bd4 Bf5 23.Qc6 Rf8 24.Bxg7 Kxg7 25.Qc3+ Kg8 26.Qc6 Qf2 27.Re7 Rc8 28.Re8+ Rxe8
29.Qxe8+ Kg7 30.Qc6 Qe1+ 31.Nc1 Be4 32.Qc5 Bxg2 33.Qd4+ Kh6 34.Qf4+ Kg7 35.Qd4+ f6
36.Qxa7+ Kh6 37.Qd4 f5 38.h4 Kh5 39.a4 Be4 40.Qa7 h6 41.Qc7 Kg4 42.Qd7 Kxh4
43.Qd6 Kg5 44.Ka2 Bxc2  0-1

[Event "ch-UKR b18"]
[Site "Kyiv UKR"]
[Date "2010.01.27"]
[Round "3"]
[White "Riabko,Mykyta"]
[Black "Kraschenko,A"]
[Result "0-1"]
[WhiteElo "1705"]
[BlackElo "2045"]

1.e4 d6 2.d4 Nf6 3.Nc3 c6 4.f3 Nbd7 5.Be3 e5 6.Qd2 Be7 7.Nge2 a6 8.g4 b5
9.Ng3 exd4 10.Qxd4 Ne5 11.Be2 c5 12.Qd2 b4 13.Nd5 Nxd5 14.Qxd5 Be6 15.Qd2 O-O
16.O-O-O Qa5 17.a3 Qa4 18.Kb1 Rfb8 19.f4 bxa3 20.b3 Bxb3 21.cxb3 Rxb3+ 22.Ka1 Rb2
23.Qc3 Rc2 24.Qe1 Qb3  0-1

[Event "ch-BUL S/F Men"]
[Site "Plovdiv BUL"]
[Date "2010.01.27"]
[Round "5"]
[White "Nikolov,J"]
[Black "Vutov,M"]
[Result "1/2-1/2"]
[WhiteElo "2090"]
[BlackElo "2331"]

1.e4 d6 2.d4 Nf6 3.Nc3 c6 4.a4 Qc7 5.h3 e5 6.Nge2 Nbd7 7.g3 g6 8.Bg2 Bg7
9.O-O O-O 10.Be3 Re8 11.Qd2 exd4 12.Bxd4 Nc5 13.f3 Ne6 14.Bf2 d5 15.exd5 Nxd5
16.Nxd5 cxd5 17.c3 Qc4 18.Rfd1 Nc5 19.Qxd5 Qxd5 20.Rxd5 Nb3 21.Re1 Be6 22.Rdd1 Bc4
23.Bf1 b6 24.Nc1 Na5 25.Rxe8+ Rxe8 26.Rd7 Bxf1 27.Kxf1 Nc4 28.Nd3 a6 29.Bd4 b5
30.axb5 axb5 31.Kf2 Bxd4+ 32.Rxd4 Re7 33.Rd5 Rb7 34.f4 h5 35.Kf3 Kg7 36.g4 hxg4+
37.hxg4 Re7 38.Ne5 Nxb2 39.Rxb5 Nd1 40.c4 f6 41.Rd5 Nb2 42.Rd2 Na4 43.Nd7 Re6
44.c5 Kf7 45.Rd4 Nc3 46.Rc4 Nd5 47.c6 Nc7 48.g5 fxg5 49.fxg5 Ke7 50.Re4 Kd6
51.Nf8 Re5 52.Rxe5 Kxe5 53.Nxg6+ Kf5 54.Ne7+ Kxg5 55.Ke4 Kf6 56.Nd5+ Ke6
57.Nb4 Kd6 58.Kd4 Nb5+ 59.Kc4 Nc7  1/2-1/2

[Event "2nd Chennai Open"]
[Site "Chennai IND"]
[Date "2010.01.28"]
[Round "5"]
[White "Oupindrin,N"]
[Black "Ramnathan,B"]
[Result "0-1"]
[WhiteElo "2003"]
[BlackElo "2272"]

1.e4 d6 2.d4 Nf6 3.Nc3 Nbd7 4.Nf3 e5 5.Bc4 Be7 6.O-O O-O 7.Re1 c6 8.a4 Qc7
9.a5 h6 10.h3 Re8 11.d5 Nf8 12.Bb3 Ng6 13.Nh2 Bd7 14.dxc6 bxc6 15.Ng4 Nxg4
16.hxg4 Qc8 17.f3 Be6 18.Bxe6 Qxe6 19.Qd3 Red8 20.Rd1 Rd7 21.Be3 Rad8 22.Qa6 d5
23.exd5 cxd5 24.Qxe6 fxe6 25.Bf2 Rb8 26.Ra2 Rc7 27.Na4 Rb5 28.Nc3 Rb8 29.Na4 Rxc2
30.Bxa7 Ra8 31.Bb6 Bb4 32.Rda1 Nf4 33.Nc3 Rxb2  0-1

[Event "ch-BUL S/F Men"]
[Site "Plovdiv BUL"]
[Date "2010.01.28"]
[Round "7"]
[White "Angelov,B"]
[Black "Arnaudov,P"]
[Result "0-1"]
[WhiteElo "2000"]
[BlackElo "2207"]

1.e4 d6 2.d4 Nf6 3.Nc3 c6 4.Be3 b5 5.a3 a6 6.Nf3 g6 7.Bd3 Bg7 8.O-O O-O 9.Qd2 Nbd7
10.Rfe1 e5 11.dxe5 dxe5 12.b4 Bb7 13.Na2 c5 14.Bxc5 Nxc5 15.bxc5 Qc7 16.c4 bxc4
17.Bxc4 Nxe4 18.Qb4 Nxc5 19.Rac1 Rac8 20.Be2 Rfd8 21.Rxc5 Qxc5 22.Qxb7 Qxa3
23.Qxa6 Qb3 24.Nc1 Qc3 25.Bd3 Bh6 26.Rxe5 Qxc1+ 27.Re1 Qc3 28.Bf1 Bf8 29.Qb5 Bc5
30.Qe2 Kf8 31.g3 Rc7 32.Qe5 Qxe5 33.Rxe5 Ba7 34.Ra5 h6 35.Kg2 g5 36.h3 Rdd7
37.Ra2 Kg7 38.Ng1 Rd1 39.Be2 Rdc1 40.Bf3 R1c2 41.Rxc2 Rxc2 42.Ne2 f5 43.Kf1 Kf6
44.Kg2 Rb2 45.Kf1 Ke5 46.Kg2 Kd6 47.Kf1 Kc5 48.g4 f4 49.Ng1 Rb1+ 50.Kg2 Re1
51.Be2 Kd5 52.Bf3+ Kc4 53.Be2+ Kc3 54.Bf1 Ra1 55.Bb5 Ra2 56.Be2 Kd2 57.Bc4 Rb2
58.Kf1 Kc3 59.Be2 Rb1+ 60.Kg2 Kd2 61.Bf1 Rb2 62.Bc4 Kd1 63.Kh1 Rxf2  0-1

[Event "ch-BUL S/F Men"]
[Site "Plovdiv BUL"]
[Date "2010.01.29"]
[Round "8"]
[White "Sotirov,Ilia"]
[Black "Velikov,V"]
[Result "1/2-1/2"]
[WhiteElo "1996"]
[BlackElo "1843"]

1.d4 Nf6 2.Nc3 d6 3.e4 Nbd7 4.Nf3 c6 5.a4 Qc7 6.Be2 e5 7.dxe5 dxe5 8.O-O Bc5
9.Bc4 O-O 10.Qe2 Rd8 11.Bg5 a6 12.h3 b5 13.axb5 cxb5 14.Bxb5 Rb8 15.Bxa6 Rxb2
16.Bxc8 Rxc8 17.Bc1 Rbb8 18.Nd5 Nxd5 19.exd5 Bd6 20.Ra2 Nf6 21.Rd1 Qc4 22.Qxc4 Rxc4
23.Nd2 Rd4 24.c4 Ne4 25.Rf1 Nxd2 26.Bxd2 Rxc4 27.Be3 Bc5 28.Bxc5 Rxc5 29.Rd1 Rd8
30.d6 Rc6 31.Rad2 Rd7 32.Rd5 f6 33.Kf1 Kf7 34.R5d3 Ke6 35.Ke2 Rcxd6 36.Rxd6+ Rxd6
37.Ra1 f5 38.Ra7 Kf6 39.g3 h5 40.h4 g5 41.hxg5+ Kxg5 42.Re7 Kf6 43.Rh7 Kg6
44.Rh8  1/2-1/2

[Event "8th Gibtelecom Masters"]
[Site "Caleta ENG"]
[Date "2010.01.30"]
[Round "5"]
[White "Popa Matei,V"]
[Black "Rough,R"]
[Result "1-0"]
[WhiteElo "2137"]
[BlackElo "1811"]

1.e4 d6 2.d4 Nf6 3.Nc3 e5 4.f4 Nbd7 5.Nf3 exd4 6.Qxd4 c5 7.Qd1 Nb6 8.Bd3 Be7
9.O-O O-O 10.b3 Bg4 11.h3 Bxf3 12.Qxf3 Qd7 13.a4 Rad8 14.Bb2 Qc7 15.Nb5 Qb8
16.c4 a5 17.Bc3 Nbd7 18.Bxa5 b6 19.Bc3 Rfe8 20.Rae1 Nf8 21.e5 N6d7 22.Be4 Ne6
23.Bd5 dxe5 24.fxe5 Rf8 25.Qg4  1-0

[Event "ch-UKR b18"]
[Site "Kyiv UKR"]
[Date "2010.01.30"]
[Round "6"]
[White "Skliarov,V"]
[Black "Kraschenko,A"]
[Result "1/2-1/2"]
[WhiteElo "2068"]
[BlackElo "2045"]

1.e4 d6 2.d4 Nf6 3.Nc3 c6 4.f3 Nbd7 5.Be3 e5 6.Qd2 Qa5 7.O-O-O a6 8.g4 b5
9.g5 Nh5 10.Kb1 exd4 11.Bxd4 b4 12.Nce2 c5 13.Be3 Nb6 14.Ng3 Be6 15.b3 Nxg3
16.hxg3 g6 17.Ne2 Rd8 18.Nf4 Bg7 19.Nd5 Bxd5 20.exd5 Qa3 21.Qc1 Na4 22.Qxa3 Nc3+
23.Kc1 bxa3 24.Bd2 Nxd1 25.Kxd1 O-O 26.Bxa6 f6 27.gxf6 Bxf6 28.Bd3 Rfe8 29.Be4 Be5  1/2-1/2

[Event "ch-BUL S/F Men"]
[Site "Plovdiv BUL"]
[Date "2010.01.30"]
[Round "9"]
[White "Stoinev,M"]
[Black "Janchev,P"]
[Result "0-1"]
[WhiteElo "2268"]
[BlackElo "2215"]

1.e4 d6 2.d4 Nf6 3.Nc3 Nbd7 4.Nf3 e5 5.g3 Be7 6.Bg2 O-O 7.O-O c6 8.a4 a5
9.Re1 Re8 10.b3 Qc7 11.Bb2 Bf8 12.Qd2 exd4 13.Nxd4 Nc5 14.h3 Bd7 15.Rad1 Rad8
16.g4 Bc8 17.Qf4 Ne6 18.Nxe6 fxe6 19.Rd3 Nd7 20.Ba3 e5 21.Qd2 Nc5 22.Bxc5 dxc5
23.Rd1 Be7 24.Bf1 Be6 25.Qe3 b6 26.Kg2 h6 27.Qg3 Rxd3 28.Bxd3 Rf8 29.Qe3 c4
30.Bxc4 Bxc4 31.bxc4 Bc5 32.Qd3 Rxf2+ 33.Kh1 Qf7 34.Ne2 Kh7 35.h4 h5 36.gxh5 Qxh5
37.Ng1 Qg6  0-1

[Event "ch-BUL S/F Men"]
[Site "Plovdiv BUL"]
[Date "2010.01.30"]
[Round "9"]
[White "Vutov,M"]
[Black "Arnaudov,P"]
[Result "1-0"]
[WhiteElo "2331"]
[BlackElo "2207"]

1.e4 d6 2.d4 Nf6 3.Nc3 c6 4.a4 Qa5 5.Bd2 e5 6.Nf3 Bg4 7.dxe5 dxe5 8.h3 Bxf3
9.Qxf3 Bb4 10.Bc4 Nbd7 11.O-O O-O 12.g4 Rad8 13.Rfd1 Qc5 14.Bb3 Qe7 15.Be3 Nc5
16.Bxc5 Bxc5 17.Ne2 g6 18.Ng3 Ne8 19.Rxd8 Qxd8 20.Rd1 Qe7 21.Kg2 Nc7 22.Qd3 Ne6
23.Bxe6 fxe6 24.f3 Qf6 25.c3 a5 26.Qe2 Rf7 27.Rd3 Kg7 28.Qd1 Qe7 29.Qd2 h6
30.Qe1 Bb6 31.Nf1 Kh7 32.Qd1 Qc5 33.Ne3 Kg7 34.Qb3 Re7 35.Qc4 Kf6 36.Qxc5 Bxc5
37.Nc4 b6 38.h4 g5 39.h5 Ra7 40.Nd2 b5 41.Kf1 Ke7 42.Ke2 Bg1 43.Kd1 Ra8 44.Kc2 Bf2
45.Kb3 Rb8 46.Ka3 Bc5+ 47.Ka2 Bd6 48.Nb3 Ra8 49.Rd1 bxa4 50.Nd2 a3 51.Nc4 Bc7
52.Kxa3 Rb8 53.Rd3 Rb5 54.Ka2 Rc5 55.Kb3 Bb8 56.Na3 Bd6 57.Ka4 Bb8 58.c4 Bc7
59.b3 Bd6 60.Nc2 Kd7 61.Ne1 Kc7 62.Rxd6  1-0

[Event "ch-ROU m"]
[Site "Baile Olanesti ROU"]
[Date "2010.01.31"]
[Round "1"]
[White "Kaunz,W"]
[Black "Badea,B"]
[Result "0-1"]
[WhiteElo "1935"]
[BlackElo "2487"]

1.e4 d6 2.d4 Nf6 3.Nc3 e5 4.dxe5 dxe5 5.Qxd8+ Kxd8 6.Bc4 Ke8 7.Nf3 Bd6 8.O-O c6
9.a4 Nbd7 10.h3 Ke7 11.Be3 Bb4 12.Bd2 a5 13.Rfe1 Ne8 14.Na2 Bxd2 15.Nxd2 Nd6
16.Bf1 Nc5 17.Nc3 Be6 18.f3 f6 19.Nd1 h5 20.h4 g5 21.g3 g4 22.f4 Rhd8 23.f5 Bf7
24.Bd3 b5 25.axb5 cxb5 26.Kf2 Nc4 27.Bxc4 Rxd2+ 28.Re2 Nxe4+ 29.Ke3 Rxe2+
30.Bxe2 Nd6 31.Bd3 Bd5 32.Nf2 a4 33.c3 Bc6 34.Rd1 a3 35.bxa3 Rxa3 36.Rc1 Bd7  0-1

[Event "8th Gibtelecom Masters"]
[Site "Caleta ENG"]
[Date "2010.01.31"]
[Round "6"]
[White "Ortega Valle,J"]
[Black "Nuri,Kam"]
[Result "1/2-1/2"]
[WhiteElo "2054"]
[BlackElo "2235"]

1.e4 d6 2.d4 Nf6 3.Nc3 e5 4.Nf3 Nbd7 5.Bc4 Be7 6.O-O O-O 7.a4 c6 8.Qe2 b6
9.Rd1 Qc7 10.Bg5 Bb7 11.dxe5 dxe5 12.Nh4 Nc5 13.Nf5 Ne6 14.Bxe6 fxe6 15.Qc4 Bc5
16.Qxe6+ Kh8 17.Bxf6 Rxf6 18.Qd7 Qxd7 19.Rxd7 Ba6 20.Rad1 Raf8 21.g4 Rg6
22.h3 h5 23.Rd8 Rxd8 24.Rxd8+ Kh7 25.Nh4 Rf6 26.Nf5 hxg4 27.hxg4 Rg6 28.Ne3 Bxe3
29.fxe3 Rxg4+ 30.Kf2 Bc4 31.b3 Bg8 32.Ra8 Rh4 33.Kg3 Rh1 34.Ne2 Ra1 35.Re8 Ra2
36.Rxe5 Rxc2 37.Nd4 Rc3 38.Re7 Bxb3 39.Nf5 Bxa4 40.Rxg7+ Kh8 41.Rxa7 Bc2
42.Kf4 Rc4 43.Nd6 Ra4 44.Rc7 c5 45.Kg5 Ra1 46.e5 Re1 47.e6 Rxe3 48.e7 Ba4
49.Kf6 Re1 50.Nf5 Rf1 51.Rb7 Rb1 52.Ra7 Bc6 53.Ra2 Rf1 54.Rh2+ Kg8 55.Rg2+ Kh8  1/2-1/2

[Event "15th HIT Open A"]
[Site "Nova Gorica SLO"]
[Date "2010.01.31"]
[Round "1"]
[White "Debevec,B"]
[Black "Tratar,M"]
[Result "0-1"]
[WhiteElo "2029"]
[BlackElo "2493"]

1.e4 d6 2.d4 Nf6 3.Nc3 e5 4.Nf3 Nbd7 5.g4 Nxg4 6.Rg1 exd4 7.Nxd4 Nde5 8.h3 Nf6
9.f4 Ng6 10.Qf3 c6 11.Be3 Bd7 12.O-O-O Qc7 13.Qf2 b5 14.e5 dxe5 15.fxe5 Nxe5
16.Bf4 Bd6 17.Bxb5 cxb5 18.Ndxb5 Nd3+ 19.Rxd3 Bxf4+ 20.Kb1 Qb8 21.Rxg7 Kf8
22.Rg1 Qb6 23.Qg2 Re8 24.Qg7+ Ke7 25.Rxd7+ Kxd7 26.Qxf7+ Kc8 27.Rf1 Be5 28.Qc4+ Kb8
29.Na4 Qe6 30.Qb4 Nd5 31.Qa5 Re7  0-1

[Event "ch-UKR b18"]
[Site "Kyiv UKR"]
[Date "2010.02.01"]
[Round "9"]
[White "Borisenko,V"]
[Black "Starozhilov,L"]
[Result "1-0"]
[WhiteElo "2032"]
[BlackElo "2087"]

1.e4 d6 2.d4 Nf6 3.Nc3 c6 4.Nf3 g6 5.Bd3 Bg7 6.Be3 O-O 7.Qd2 Bg4 8.O-O-O Nbd7
9.Rdg1 e5 10.dxe5 dxe5 11.h4 Bxf3 12.gxf3 Nh5 13.Ne2 Qe7 14.Kb1 a5 15.Bg5 Qd6
16.Rd1 Qc7 17.Qc3 Rfc8 18.Ng3 Nxg3 19.fxg3 h6 20.Be3 b5 21.Bf1 Nf6 22.g4 Bf8
23.Bh3 Rd8 24.Kc1 c5 25.Rxd8 Rxd8 26.Rd1 Rxd1+ 27.Kxd1 Nd7 28.Qd2 Nb6 29.Qxa5 Qd7+
30.Qd2 Qa7 31.Qd8 g5 32.Bxc5 Qd7+ 33.Qxd7 Nxd7 34.Bxf8 Nxf8 35.hxg5 hxg5
36.a3  1-0

[Event "Open C Women"]
[Site "Moscow RUS"]
[Date "2010.02.01"]
[Round "3"]
[White "Paehtz,E"]
[Black "Petrova,O"]
[Result "1-0"]
[WhiteElo "2484"]
[BlackElo "2274"]

1.e4 d6 2.d4 Nf6 3.Nc3 c6 4.f4 Qa5 5.Bd3 e5 6.Nf3 Nbd7 7.a3 Be7 8.Qe2 O-O
9.O-O Qc7 10.Kh1 Re8 11.dxe5 dxe5 12.Bc4 Bd6 13.f5 b5 14.Ba2 a6 15.g4 h6
16.g5 hxg5 17.Nxg5 Re7 18.Rg1 Ne8 19.Be3 Ndf6 20.Qf2 Bb7 21.Qh4 Rd7 22.Rg3 Qc8
23.Rh3 Kf8 24.Qh8+ Ke7 25.Bxf7 Qb8 26.Bxe8 Nxe8 27.Ne6 Kf7 28.Rg1  1-0